Sports Quiz

Random Sports or NFL Quiz

NFL Steelers 3000/1000/1000 Seasons Quiz Stats

 Plays Quiz not verified by Sporcle

Score 0/69 Timer 04:00
0 Plays Today
Type Player % Correct
PassingBen Roethlisberger
99.2%
PassingBen Roethlisberger
98.8%
PassingBen Roethlisberger
98.8%
PassingBen Roethlisberger
98.8%
PassingBen Roethlisberger
98.8%
PassingBen Roethlisberger
98.8%
PassingBen Roethlisberger
98.8%
PassingBen Roethlisberger
98.8%
PassingBen Roethlisberger
98.8%
PassingBen Roethlisberger
98.8%
PassingBen Roethlisberger
98.8%
PassingTerry Bradshaw
97.8%
PassingTerry Bradshaw
97.8%
ReceivingAntonio Brown
97.5%
ReceivingAntonio Brown
96.6%
ReceivingAntonio Brown
96.6%
ReceivingAntonio Brown
96.6%
ReceivingAntonio Brown
96.6%
RushingLe'Veon Bell
96.4%
RushingJerome Bettis
96%
RushingJerome Bettis
96%
RushingJerome Bettis
96%
RushingJerome Bettis
96%
RushingJerome Bettis
96%
RushingJerome Bettis
96%
ReceivingHines Ward
95.1%
ReceivingHines Ward
95.1%
ReceivingHines Ward
95.1%
ReceivingHines Ward
95.1%
ReceivingHines Ward
95.1%
ReceivingHines Ward
95.1%
RushingFranco Harris
94.8%
RushingFranco Harris
94.8%
RushingFranco Harris
94.8%
RushingFranco Harris
94.8%
Type Player % Correct
RushingFranco Harris
94.8%
RushingFranco Harris
94.8%
RushingFranco Harris
94.8%
RushingFranco Harris
94.8%
RushingLe'Veon Bell
93.8%
RushingWillie Parker
89.8%
RushingWillie Parker
89.8%
RushingWillie Parker
89.8%
PassingKordell Stewart
85.8%
PassingKordell Stewart
85.8%
PassingTommy Maddox
84%
RushingRashard Mendenhall
81.9%
RushingRashard Mendenhall
81.9%
ReceivingJohn Stallworth
81.2%
ReceivingJohn Stallworth
81.2%
ReceivingJohn Stallworth
81.2%
PassingNeil O'Donnell
77.3%
ReceivingPlaxico Burress
74.2%
ReceivingPlaxico Burress
74.2%
ReceivingMike Wallace
73.6%
ReceivingMike Wallace
73.6%
ReceivingSantonio Holmes
67.3%
RushingBarry Foster
62.2%
RushingRocky Bleier
53%
RushingJohn Henry Johnson
51.4%
RushingJohn Henry Johnson
51.4%
ReceivingCharles Johnson
51.4%
ReceivingLouis Lipps
51.3%
ReceivingYancey Thigpen
48.7%
ReceivingYancey Thigpen
48.7%
ReceivingBuddy Dial
15.9%
ReceivingBuddy Dial
15.9%
ReceivingRoy Jefferson
12%
ReceivingRoy Jefferson
12%

You're not logged in!

Compare scores with friends on all Sporcle quizzes.
OR
Log In

You Might Also Like...

Show Comments

Extras

Top Quizzes Today


Score Distribution

Your Account Isn't Verified!

In order to create a playlist on Sporcle, you need to verify the email address you used during registration. Go to your Sporcle Settings to finish the process.

Report this User

Report this user for behavior that violates our Community Guidelines.

Details: